| 000 | 01164cam a22003254a 4500 | ||
|---|---|---|---|
| 001 | 13154658 | ||
| 003 | ARRUPE | ||
| 005 | 20150529105715.0 | ||
| 008 | 030409s2003 nyuab b 001 0 eng | ||
| 010 | _a 2003049906 | ||
| 020 | _a0786887591 | ||
| 040 |
_aDLC _cDLC _dDLC |
||
| 042 | _apcc | ||
| 050 | 0 | 0 |
_aQ173 _b.D59 2003 |
| 082 | 0 | 0 |
_a500 _221 |
| 100 |
_aBunch, Bryan H. _917711 |
||
| 245 | 0 | 0 |
_aDiscover science almanac : _bthe definitive science resource / _cBryan Bunch, Jenny Tesar, and the editors of Discover magazine. |
| 250 | _a1st ed. | ||
| 260 |
_aNew York : _bHyperion, _cc2003. |
||
| 300 |
_ax, 790 p. : _bill. ; maps ; _c21 cm. |
||
| 500 | _a"A Stonesong Press book." | ||
| 504 | _aIncludes bibliographical references and index. | ||
| 650 | 0 |
_aScience _vMiscellanea. _917703 |
|
| 700 | 1 |
_aBunch, Bryan H. _917712 |
|
| 700 | 1 |
_aTesar, Jenny E. _917713 |
|
| 730 | 0 |
_aDiscover (Chicago, Ill.) _917714 |
|
| 906 |
_a7 _bcbc _corignew _d1 _eocip _f20 _gy-gencatlg |
||
| 942 |
_2lcc _cMONOGRAPH |
||
| 999 |
_c122812 _d122812 |
||